Football :Effectif PSG 2023-2024 - Statistiques

Statistiques générales
  • Ce quiz a été pris 1 132 fois
  • Le résultat moyen est 21 sur 28
Statistiques - réponses
Numéro Poste Nationalité JOUEUR % Correct
1 Gardien Costa Rica Navas
97%
99 Gardien Italie Donnarumma
96%
2 Défense Maroc Hakimi
95%
5 Défense Brésil Marquinhos
91%
10 Attaque France Dembélé
87%
3 Défense France Kimpembe
87%
19 Milieu Corée du Sud Lee
87%
25 Défense Portugal Mendes
87%
8 Milieu Espagne Ruiz
86%
17 Milieu Portugal Vitinha
86%
21 Défense France Hernandez
84%
7 (prénom+nom) Attaque France Mbappé
84%
9 Attaque Portugal Ramos
84%
4 Milieu Uruguay Ugarte
84%
37 Défense Slovaquie Skriniar
82%
29 Attaque France Barcola
79%
33 Milieu France Zaïre-Emery
79%
35 Défense Brésil Beraldo
75%
15 Défense Portugal Danilo
75%
23 Attaque France Kolo Muani
73%
28 Milieu Espagne Soler
72%
11 Attaque Espagne Asensio
70%
80 Gardien Espagne Tenas
70%
30 Gardien France Letellier
60%
26 Défense France Mukiele
51%
38 (prénom+Nom) Milieu France Ethan Mbappé
48%
41 Milieu France Mayulu
45%
97 Défense France Kurzawa
33%
Aucun quiz correspondant
Distribution des résultats
% des personnes avec chaque résultat
Percentile par nombre de réponses
Votre historique - résultats
Vous n’avez pas pris ce quiz